LIBRARY & INFORMATION CENTRE, KCAET, TAVANUR

ONLINE PUBLIC ACCESS CATALOGUE (OPAC)

Theory of internal combustion engines / (Record no. 5628)

MARC details
000 -LEADER
fixed length control field 00387cam a2200157ua 4500
041 ## - LANGUAGE CODE
Language code of text/sound track or separate title eng
082 ## - DEWEY DECIMAL CLASSIFICATION NUMBER
Classification number 621.43
Item number RAO/TH
100 ## - MAIN ENTRY--AUTHOR NAME
Personal name Rao, A C .
245 ## - TITLE STATEMENT
Title Theory of internal combustion engines /
250 ## - EDITION STATEMENT
Edition statement 1 /
260 ## - PUBLICATION, DISTRIBUTION, ETC. (IMPRINT)
Place of publication Allahabad :
Name of publisher Saroj Prakashan ,
Year of publication 1987.
300 ## - PHYSICAL DESCRIPTION
Number of Pages 409 ; .
942 ## - ADDED ENTRY ELEMENTS (KOHA)
Koha item type Books
Holdings
Withdrawn status Lost status Damaged status Home library Current library Date acquired Full call number Accession Number Koha item type
      KAUAET KAUAET 07/04/2012 621.43 17610 Books
free website counter